Frame: Details In Japan Architecture (Record no. 14313)
[ view plain ]
| 000 -LEADER | |
|---|---|
| fixed length control field | 00266nam a2200109Ia 4500 |
| 008 - FIXED-LENGTH DATA ELEMENTS--GENERAL INFORMATION | |
| fixed length control field | 260210s9999 xx 000 0 und d |
| 020 ## - INTERNATIONAL STANDARD BOOK NUMBER | |
| International Standard Book Number | 9788997603329 |
| 100 ## - MAIN ENTRY--PERSONAL NAME | |
| Personal name | Equal Books |
| 245 #0 - TITLE STATEMENT | |
| Title | Frame: Details In Japan Architecture |
| 260 ## - PUBLICATION, DISTRIBUTION, ETC. | |
| Name of publisher, distributor, etc. | Equal Books |
| 942 ## - ADDED ENTRY ELEMENTS (KOHA) | |
| Koha item type | UG Books |
| Withdrawn status | Lost status | Source of classification or shelving scheme | Damaged status | Not for loan | Permanent Location | Current Location | Shelving location | Date acquired | Full call number | Barcode | Date last seen | Price effective from | Koha item type |
|---|---|---|---|---|---|---|---|---|---|---|---|---|---|
| BMS College of Architecture, Design and Planning | BMS College of Architecture, Design and Planning | General Stacks | 2025-12-17 | 741.6 | AR-UG5230 | 2026-02-10 | 2026-02-10 | UG Books |